Bhairavi (Record no. 16333)
[ view plain ]
| 000 -LEADER | |
|---|---|
| fixed length control field | 00210nam a22000977a 4500 |
| 003 - CONTROL NUMBER IDENTIFIER | |
| control field | OSt |
| 008 - FIXED-LENGTH DATA ELEMENTS--GENERAL INFORMATION | |
| fixed length control field | 200922b ||||| |||| 00| 0 eng d |
| 100 ## - MAIN ENTRY--AUTHOR NAME | |
| Personal name | Vasudevan Moosad, K |
| 245 ## - TITLE STATEMENT | |
| Title | Bhairavi |
| 942 ## - ADDED ENTRY ELEMENTS (KOHA) | |
| Koha item type | Books |
| Withdrawn status | Lost status | Damaged status | Home library | Current library | Date acquired | Cost, normal purchase price | Koha item type | Accession Number |
|---|---|---|---|---|---|---|---|---|
| Withdrawn | KAUAET | KAUAET | 22/09/2020 | 4.00 | Books | |||
| Withdrawn | KAUAET | KAUAET | 18/01/2021 | Books | 1645 |
